| 000 | 00527nam a2200181Ia 4500 | ||
|---|---|---|---|
| 003 | OSt | ||
| 005 | 20250404154951.0 | ||
| 008 | 230104s9999||||xx |||||||||||||| ||und|| | ||
| 020 | _a9966497498 | ||
| 040 | _cChuka University Library | ||
| 050 |
_aPL8704 _b.M48 1999 |
||
| 100 |
_aMgullu, Richard S. _93250 |
||
| 245 | 0 | _aMtalaa wa Isimu: Fonetiki,Fonolojia na mofolojia ya Kiswahili | |
| 260 |
_aNairobi _bLonghorn Publishers _c1999 |
||
| 300 |
_a246p _bIllustrated |
||
| 650 |
_aKiswahili--Grammar _912588 |
||
| 942 |
_cBK _06 _2lcc |
||
| 999 |
_c5028 _d5028 |
||